00380nam a2200133 a 45000010010000000030011000100080041000210350026000620820014000881000030001022450043001322600052001756500019002270000-8830ELIB.Books110520 1970  a(ELIB.Books)0000-8976 a270 bLat aLatourette, Kenneth Scott aThree Centuries of Advance. Volume III bGrand Rapids: Zondervan Publishing House c1970 aChurch History